Top 5 Fortnite Pros By Region - Statistics

General Stats
  • This quiz has been taken 231 times
  • The average score is 7 of 15
Answer Stats
Region Number Answer % Correct
NA 1 Peterbot
96%
NA 4 Clix
80%
NA 5 Pollo
76%
OCE 1 Alex
66%
EU 2 Veno
59%
EU 3 MrSavage
53%
NA 2 Reet
47%
OCE 3 Worthy
46%
EU 1 Malibuca
43%
NA 3 Khanada
42%
EU 4 ThomasHD
30%
OCE 2 Looter
29%
OCE 5 Volx
29%
OCE 4 Anon
21%
EU 5 MariusCow
14%
No matching quizzes found
Score Distribution
Percent of People with Each Score
Percentile by Number Answered
Your Score History
You have not taken this quiz